India's 2019 Elections: (Record no. 172749)

MARC details
000 -LEADER
fixed length control field 00611nam a22001937a 4500
005 - DATE AND TIME OF LATEST TRANSACTION
control field 20200212124412.0
010 ## - LCCN (DPL NO)
LC control number ENG-127707
020 ## - INTERNATIONAL STANDARD BOOK NUMBER
Terms of availability 1395.00
International Standard Book Number 9789353882440
035 ## - SYSTEM CONTROL NUMBER
System control number EN-111239
037 ## - SOURCE OF ACQUISITION
Source of stock number/acquisition DBAD/PUB
082 ## - DEWEY DECIMAL CLASSIFICATION NUMBER
Classification number 324.954052
245 ## - TITLE STATEMENT
Title India's 2019 Elections:
Statement of responsibility, etc edited by Paul Wallace
Remainder of title the Hindutva wave and Indian Nationalism/
260 ## - PUBLICATION, DISTRIBUTION, ETC. (IMPRINT)
Place of publication, distribution, etc New Delhi
Date of publication, distribution, etc 2020
Name of publisher, distributor, etc Sage
270 ## - ADDRESS
Address B1/1-1 Mohan Cooperative Industrial Area Mathura Road
Postal code 110044
City New Delhi
300 ## - PHYSICAL DESCRIPTION
Extent xvii;400p.
Other physical details 22cm(hb)
500 ## - GENERAL NOTE
General note <br/>
700 ## - ADDED ENTRY--PERSONAL NAME
Personal name Wallace,Paul
942 ## - ADDED ENTRY ELEMENTS (KOHA)
Source of classification or shelving scheme Dewey Decimal Classification
Item type English Books
Classification part 324.954052
Call number suffix IND
Holdings
Withdrawn status Lost status Not for loan Collection code Home library Current library Date acquired Source of acquisition Cost, normal purchase price Full call number Barcode Copy number Cost, replacement price Koha item type
      Non-fiction Central Library Central Library 12/02/2020 DBAD/PUB 1395.00 324.954052 IND EN-111239 1 1395.00 English Books

© Delhi Public Library
Hit Counter
free hit counter